000 00466nam a2200193 a 4500
001 5148
003 CO-ViMGA
008 141112s2004 ck r 000 u spa d
040 _aCO-ViMGA
_bspa
_cCO-ViMGA
082 0 4 _a650.1 G377c
100 1 _aGetty, J. Paul
_93441
245 1 0 _aCómo ser un ejecutivo de exito
260 _aMadrid :
_bIberonet,
_c1992
300 _a177 p
490 _aSuperación, 3
650 1 4 _aEXITO
650 1 4 _aRIQUEZA
942 _2ddc
_cBK
999 _c17149
_d17149